Cơ sở kỹ thuật điện

Sách gồm 8 chương trình bày những vấn đề cơ bản về lý thuyết mạch điện là môn kỹ thuật cơ sở của chuyên ngành điện là tài liệu chính cho sinh viên ngành điện - tự động hóa và điện tử viễn thông....

ver descrição completa

Na minha lista:
Detalhes bibliográficos
Autor principal: Lê, Mạnh Việt
Formato: Livro
Idioma:Undetermined
Publicado em: Hà Nội Giao thông vận tải 1997
Assuntos:
Tags: Adicionar Tag
Sem tags, seja o primeiro a adicionar uma tag!
Thư viện lưu trữ: Trung tâm Học liệu Trường Đại học Cần Thơ
LEADER 00874nam a2200205Ia 4500
001 CTU_120228
008 210402s9999 xx 000 0 und d
020 |c 21600 
082 |a 530.141 
082 |b V308/T.2 
100 |a Lê, Mạnh Việt 
245 0 |a Cơ sở kỹ thuật điện 
245 0 |c Lê Mạnh Việt 
260 |a Hà Nội 
260 |b Giao thông vận tải 
260 |c 1997 
520 |a Sách gồm 8 chương trình bày những vấn đề cơ bản về lý thuyết mạch điện là môn kỹ thuật cơ sở của chuyên ngành điện là tài liệu chính cho sinh viên ngành điện - tự động hóa và điện tử viễn thông. 
650 |a Electromagnetic theory 
904 |i Hiếu 
980 |a Trung tâm Học liệu Trường Đại học Cần Thơ